[Event "GER AM04-A email"]
[Site "GER email"]
[Date "2018.06.19"]
[Round "?"]
[White "Gnutov, Yury Pavlovich"]
[Black "Dunlop, Gordon"]
[Result "1/2-1/2"]
[WhiteElo "2504"]
[BlackElo "2535"]
[PlyCount "59"]
[EventDate "2018.??.??"]
[EventType "tourn (corr)"]
[EventRounds "14"]
[EventCountry "GER"]
[SourceTitle "Corr 2020"]
[Source "ChessBase"]
[SourceDate "2019.09.30"]
[SourceVersion "1"]
[SourceVersionDate "2019.09.30"]
[SourceQuality "1"]

1. e4 c5 2. Nf3 Nc6 3. Nc3 e5 4. Bc4 Be7 5. d3 d6 6. Nd2 Nf6 7. Nf1 Bg4 8. f3 Be6 9. Ne3 0-0 10. 0-0 a6 11. a3 b5 12. Ba2 Qd7 13. Ncd5 Bd8 14. c3 Rb8 15. Bd2 h6 16. Qe2 Re8 17. g3 Nh7 18. b4 Ne7 19. Nxe7+ Qxe7 20. Bxe6 Qxe6 21. Nf5 Bb6 22. Kg2 d5 23. Be3 cxb4 24. axb4 Bxe3 25. Nxe3 dxe4 26. dxe4 Rbc8 27. Ra3 Rc6 28. Rd1 Rec8 29. Rd3 Nf6 30. Qd2 1/2-1/2

[Event "GER AM04-A email"]
[Site "GER email"]
[Date "2018.06.19"]
[Round "?"]
[White "Gnutov, Yury Pavlovich"]
[Black "Nekhaev, Andrey Ivanovich"]
[Result "1/2-1/2"]
[WhiteElo "2504"]
[BlackElo "2503"]
[PlyCount "81"]
[EventDate "2018.??.??"]
[EventType "tourn (corr)"]
[EventRounds "14"]
[EventCountry "GER"]
[SourceTitle "Corr 2020"]
[Source "ChessBase"]
[SourceDate "2019.09.30"]
[SourceVersion "1"]
[SourceVersionDate "2019.09.30"]
[SourceQuality "1"]

1. e4 c5 2. Nf3 d6 3. d4 cxd4 4. Nxd4 Nf6 5. Nc3 a6 6. Be3 e5 7. Nb3 Be6 8. f3 h5 9. Nd5 Bxd5 10. exd5 Nbd7 11. Qd2 g6 12. Be2 Bg7 13. 0-0 b6 14. c4 0-0 15. Rae1 Re8 16. Kh1 Rb8 17. Na1 e4 18. Nc2 exf3 19. gxf3 Ne5 20. a4 Qc8 21. b3 Qh3 22. Rf2 b5 23. Bf1 Qd7 24. cxb5 axb5 25. a5 Ra8 26. Rd1 Qb7 27. Na3 b4 28. Nb5 Ra6 29. Bb6 Rxb6 30. axb6 Qxb6 31. Qd4 Qxd4 32. Rxd4 Bf8 33. Kg2 Rc8 34. Rfd2 Rc1 35. Be2 Rc5 36. Kf2 Ned7 37. Bc4 Nb6 38. Rd1 Nfd7 39. Be2 Nf6 40. Bc4 Nfd7 41. Be2 1/2-1/2

[Event "GER AM04-A email"]
[Site "GER email"]
[Date "2018.06.19"]
[Round "?"]
[White "Goncharenko, Georgy"]
[Black "Gnutov, Yury Pavlovich"]
[Result "1/2-1/2"]
[WhiteElo "2495"]
[BlackElo "2504"]
[PlyCount "67"]
[EventDate "2018.??.??"]
[EventType "tourn (corr)"]
[EventRounds "14"]
[EventCountry "GER"]
[SourceTitle "Corr 2020"]
[Source "ChessBase"]
[SourceDate "2019.09.30"]
[SourceVersion "1"]
[SourceVersionDate "2019.09.30"]
[SourceQuality "1"]

1. e4 c5 2. Nf3 d6 3. Nc3 Nf6 4. d4 cxd4 5. Nxd4 a6 6. Be3 e5 7. Nb3 Be6 8. f3 h5 9. Qd2 Nbd7 10. Nd5 Bxd5 11. exd5 g6 12. 0-0-0 Nb6 13. Qa5 Bh6 14. Bxh6 Rxh6 15. Kb1 Kf8 16. g3 Kg7 17. f4 h4 18. fxe5 dxe5 19. d6 Nbd7 20. Bg2 Qxa5 21. Nxa5 e4 22. Nxb7 Rh5 23. c4 Rb8 24. c5 Nxc5 25. Nxc5 Rxc5 26. Rd4 hxg3 27. hxg3 Rcb5 28. b3 Rd8 29. Rhd1 Re5 30. b4 Ng4 31. Rxe4 Rxe4 32. Bxe4 Nf2 33. Rd4 Nxe4 34. Rxe4 1/2-1/2